000
00193 a2200097 4500
001
18499
100
_a
Wiener, N
245
_a
Cybernetics
260
_a
_b
M.I.T press
_c
090
_c
13735
_d
13735
942
_a
NUST-CAE
_c
M
_c
4153
999
_c
253572
_d
253572